Statistics for Γενικές γνώσεις - Πολλαπλή επιλογή #1

Click here to take the quiz!

General Stats

  • This quiz has been taken 391 times
  • The average score is 10 of 15

Answer Stats

QuestionAnswer% Correct
Πώς λεγόταν η γυναίκα του Οδυσσέα;Πηνελόπη
95%
Πόσοι είναι οι κύκλοι στη σημαία των Ολυμπιακών Αγώνων;5
93%
Ποιο από τα παρακάτω είναι είδος ρούχου;Κιμονό
91%
Ποια από τις παρακάτω σημαίες ΔΕΝ ανήκει σε ευρωπαϊκή χώρα;
82%
Ποιος από τους παρακάτω ποταμούς ΔΕΝ βρίσκεται στη Βόρεια Αμερική;Αμαζόνιος
71%
Με ποια είναι παντρεμένος ο Εμανουέλ Μακρόν;Την καθηγήτριά του
67%
Ποιος ήταν ο συγγραφέας του βιβλίου "Πόλεμος και Ειρήνη";Λέων Τολστόι
64%
Ποιο από τα παρακάτω είναι τίτλος βιβλίου του Νίκολο Μακιαβέλι;Ο Ηγεμόνας
63%
Ποια από τις παρακάτω οροσειρές ΔΕΝ βρίσκεται στην Ευρώπη;Άνδεις
61%
Ποιο από τα παρακάτω ζώα ΔΕΝ είναι κινεζικό ζώδιο;Σκορπιός
60%
Ποια από τις παρακάτω λέξεις είναι συνώνυμη του "αλγεινός";Οδυνηρός
59%
Ποια χώρα θα διοργανώσει το 2024 τους Ολυμπιακούς Αγώνες;Παρίσι
55%
Ποιο είναι το εθνικό ζώο του Καναδά;Κάστορας
45%
Ποιος εφηύρε το ραδιόφωνο;Γουλιέλμο Μαρκόνι
32%
Ποια από τις παρακάτω χώρες ΔΕΝ είναι μέλος του ΝΑΤΟ;Αυστρία
29%

Score Distribution

Percentile by Number Answered

Percent of People with Each Score

Your Score History

You have not taken this quiz